| 000 | 00471nam a2200193Ia 4500 | ||
|---|---|---|---|
| 003 | OSt | ||
| 005 | 20230427113841.0 | ||
| 008 | 210423s2011 xx 000 0 und d | ||
| 020 | _a8187134356 | ||
| 040 | _cAL | ||
| 041 | _aeng | ||
| 082 |
_a515 _223 _bMOLS |
||
| 100 |
_aMOLLAH (S A). _993934 |
||
| 245 | _aIntroduction to numerical analysis. | ||
| 260 |
_aKolkata _bBooks & Allied Pvt Ltd _c2011 |
||
| 300 |
_aiv,292 _bPB |
||
| 365 |
_b205 _cINR |
||
| 942 |
_2ddc _cBK |
||
| 999 |
_c161192 _d161192 |
||